<?xml version="1.0" encoding="UTF-8"?>
<record
    xmlns:xsi="http://www.w3.org/2001/XMLSchema-instance"
    xsi:schemaLocation="http://www.loc.gov/MARC21/slim http://www.loc.gov/standards/marcxml/schema/MARC21slim.xsd"
    xmlns="http://www.loc.gov/MARC21/slim">

  <leader>01931cam a2200541   4500</leader>
  <datafield tag="999" ind1=" " ind2=" ">
    <subfield code="c">23689</subfield>
    <subfield code="d">23689</subfield>
  </datafield>
  <controlfield tag="001">vtls011898845</controlfield>
  <controlfield tag="005">20241216141645.0</controlfield>
  <controlfield tag="008">210624s2019    xo a   grhn   011 0dslo  </controlfield>
  <datafield tag="020" ind1=" " ind2=" ">
    <subfield code="a">9788082021021</subfield>
    <subfield code="q">(viazan&#xE9;)</subfield>
  </datafield>
  <datafield tag="035" ind1=" " ind2=" ">
    <subfield code="a">urn:nbn:sk:snk-am00eddw</subfield>
  </datafield>
  <datafield tag="035" ind1=" " ind2=" ">
    <subfield code="a">urn:nbn:sk:snk-am3igp1</subfield>
  </datafield>
  <datafield tag="035" ind1=" " ind2=" ">
    <subfield code="a">98071700-E59A-4836-B41F-0902569AA6B3</subfield>
  </datafield>
  <datafield tag="040" ind1=" " ind2=" ">
    <subfield code="a">SPK</subfield>
    <subfield code="b">slo</subfield>
    <subfield code="c">SPK</subfield>
    <subfield code="d">SNK</subfield>
    <subfield code="e">rda</subfield>
  </datafield>
  <datafield tag="041" ind1="0" ind2=" ">
    <subfield code="a">slo</subfield>
    <subfield code="b">eng</subfield>
    <subfield code="b">ger</subfield>
  </datafield>
  <datafield tag="044" ind1=" " ind2=" ">
    <subfield code="a">xo</subfield>
    <subfield code="c">SK</subfield>
  </datafield>
  <datafield tag="072" ind1=" " ind2="7">
    <subfield code="a">821.162.4.09</subfield>
    <subfield code="x">Slovensk&#xE1; literat&#xFA;ra (o nej)</subfield>
    <subfield code="2">konspekt</subfield>
  </datafield>
  <datafield tag="072" ind1=" " ind2="7">
    <subfield code="a">929</subfield>
    <subfield code="x">Biografie</subfield>
    <subfield code="2">konspekt</subfield>
  </datafield>
  <datafield tag="080" ind1=" " ind2=" ">
    <subfield code="a">821.162.4-051</subfield>
    <subfield code="2">2011</subfield>
  </datafield>
  <datafield tag="080" ind1=" " ind2=" ">
    <subfield code="a">[82:314.15-026.49]-051</subfield>
    <subfield code="2">2011</subfield>
  </datafield>
  <datafield tag="080" ind1=" " ind2=" ">
    <subfield code="a">314.151.3-054.7</subfield>
    <subfield code="2">2011</subfield>
  </datafield>
  <datafield tag="080" ind1=" " ind2=" ">
    <subfield code="a">929(092)</subfield>
    <subfield code="2">2011</subfield>
  </datafield>
  <datafield tag="080" ind1=" " ind2=" ">
    <subfield code="a">81'25-051</subfield>
    <subfield code="2">2011</subfield>
  </datafield>
  <datafield tag="080" ind1=" " ind2=" ">
    <subfield code="a">(048.8)</subfield>
    <subfield code="2">2011</subfield>
  </datafield>
  <datafield tag="100" ind1="1" ind2=" ">
    <subfield code="a">Hole&#x161;tiak, Pavol,</subfield>
    <subfield code="d">1972-</subfield>
    <subfield code="4">aut</subfield>
    <subfield code="9">4246</subfield>
  </datafield>
  <datafield tag="245" ind1="1" ind2=" ">
    <subfield code="a">Zlat&#xE1; kysuck&#xE1; kniha Pavla Hrtusa Jurinu</subfield>
    <subfield code="b">exulant, ktor&#xFD; neodi&#x161;iel</subfield>
    <subfield code="c">Pavol Hole&#x161;tiak</subfield>
  </datafield>
  <datafield tag="264" ind1=" " ind2="1">
    <subfield code="a">Bratislava</subfield>
    <subfield code="b">Vydavate&#x13E;stvo Spolku slovensk&#xFD;ch spisovate&#x13E;ov</subfield>
    <subfield code="c">2019</subfield>
  </datafield>
  <datafield tag="300" ind1=" " ind2=" ">
    <subfield code="a">343 str&#xE1;n</subfield>
    <subfield code="b">fotografie, ilustr&#xE1;cie</subfield>
    <subfield code="c">25 cm</subfield>
  </datafield>
  <datafield tag="336" ind1=" " ind2=" ">
    <subfield code="a">text</subfield>
    <subfield code="b">txt</subfield>
    <subfield code="2">rdacontent</subfield>
  </datafield>
  <datafield tag="337" ind1=" " ind2=" ">
    <subfield code="a">bez m&#xE9;dia</subfield>
    <subfield code="b">n</subfield>
    <subfield code="2">rdamedia</subfield>
  </datafield>
  <datafield tag="338" ind1=" " ind2=" ">
    <subfield code="a">zv&#xE4;zok</subfield>
    <subfield code="b">nc</subfield>
    <subfield code="2">rdacarrier</subfield>
  </datafield>
  <datafield tag="500" ind1=" " ind2=" ">
    <subfield code="a">Obsahuje biografick&#xE9; &#xFA;daje o autorovi</subfield>
  </datafield>
  <datafield tag="546" ind1=" " ind2=" ">
    <subfield code="a">Anglick&#xE9; a nemeck&#xE9; resum&#xE9;</subfield>
  </datafield>
  <datafield tag="600" ind1="1" ind2="7">
    <subfield code="a">Hrtus Jurina, Pavol,</subfield>
    <subfield code="d">1919-1994</subfield>
    <subfield code="2">SNKMA</subfield>
    <subfield code="9">4247</subfield>
  </datafield>
  <datafield tag="650" ind1="0" ind2="7">
    <subfield code="a">slovensk&#xED; spisovatelia</subfield>
    <subfield code="2">SNKPH</subfield>
    <subfield code="9">2256</subfield>
  </datafield>
  <datafield tag="650" ind1="0" ind2="7">
    <subfield code="a">Slovak authors</subfield>
    <subfield code="2">SNKPHeng</subfield>
    <subfield code="9">2258</subfield>
  </datafield>
  <datafield tag="650" ind1="0" ind2="7">
    <subfield code="a">prekladatelia</subfield>
    <subfield code="2">SNKPH</subfield>
    <subfield code="9">4248</subfield>
  </datafield>
  <datafield tag="650" ind1="0" ind2="7">
    <subfield code="a">Translators</subfield>
    <subfield code="2">SNKPHeng</subfield>
    <subfield code="9">4249</subfield>
  </datafield>
  <datafield tag="650" ind1="0" ind2="7">
    <subfield code="a">emigranti</subfield>
    <subfield code="2">SNKPH</subfield>
    <subfield code="9">4250</subfield>
  </datafield>
  <datafield tag="650" ind1="0" ind2="7">
    <subfield code="a">Exiled authors</subfield>
    <subfield code="2">SNKPHeng</subfield>
    <subfield code="9">4251</subfield>
  </datafield>
  <datafield tag="650" ind1="0" ind2="7">
    <subfield code="a">exilov&#xED; spisovatelia</subfield>
    <subfield code="2">SNKPH</subfield>
    <subfield code="9">4252</subfield>
  </datafield>
  <datafield tag="650" ind1="0" ind2="7">
    <subfield code="a">Emigrants</subfield>
    <subfield code="2">SNKPHeng</subfield>
    <subfield code="9">4253</subfield>
  </datafield>
  <datafield tag="655" ind1=" " ind2="7">
    <subfield code="a">biografie</subfield>
    <subfield code="2">SNKPH</subfield>
    <subfield code="9">1756</subfield>
  </datafield>
  <datafield tag="655" ind1=" " ind2="7">
    <subfield code="a">Biography</subfield>
    <subfield code="2">SNKPHeng</subfield>
    <subfield code="9">1759</subfield>
  </datafield>
  <datafield tag="655" ind1=" " ind2="7">
    <subfield code="a">monografie</subfield>
    <subfield code="2">SNKPH</subfield>
    <subfield code="9">1661</subfield>
  </datafield>
  <datafield tag="655" ind1=" " ind2="7">
    <subfield code="a">Monographs</subfield>
    <subfield code="2">SNKPHeng</subfield>
    <subfield code="9">1662</subfield>
  </datafield>
  <datafield tag="700" ind1="1" ind2=" ">
    <subfield code="a">Zimka, Ondrej,</subfield>
    <subfield code="d">1937-</subfield>
    <subfield code="4">ill</subfield>
    <subfield code="9">3552</subfield>
  </datafield>
  <datafield tag="958" ind1=" " ind2=" ">
    <subfield code="a">LX</subfield>
  </datafield>
  <datafield tag="952" ind1=" " ind2=" ">
    <subfield code="0">0</subfield>
    <subfield code="1">0</subfield>
    <subfield code="2">udc</subfield>
    <subfield code="4">0</subfield>
    <subfield code="7">0</subfield>
    <subfield code="8">D</subfield>
    <subfield code="a">10000</subfield>
    <subfield code="b">10000</subfield>
    <subfield code="d">2024-12-16</subfield>
    <subfield code="g">0.00</subfield>
    <subfield code="i">22020</subfield>
    <subfield code="o">S1546</subfield>
    <subfield code="p">S1546</subfield>
    <subfield code="r">2024-12-16</subfield>
    <subfield code="w">2024-12-16</subfield>
    <subfield code="y">OLDO</subfield>
  </datafield>
</record>
